Catálogo público

Subproductos animales / (Record no. 218316)

MARC details
000 -CABECERA
campo de control de longitud fija 00909 a2200241 4500
003 - IDENTIFICADOR DEL NÚMERO DE CONTROL
campo de control OSt
005 - FECHA Y HORA DE LA ÚLTIMA TRANSACCIÓN
campo de control 20230623092036.0
008 - DATOS DE LONGITUD FIJA--INFORMACIÓN GENERAL
campo de control de longitud fija 230210s2014 mx a||||r|||| 00| 0 spa d
020 ## - NÚMERO INTERNACIONAL ESTÁNDAR DEL LIBRO
Número Internacional Estándar del Libro 9786071718457
040 ## - FUENTE DE LA CATALOGACIÓN
Centro/agencia transcriptor CHAP
082 00 - NÚMERO DE LA CLASIFICACIÓN DECIMAL DEWEY
Número de edición 22
Número de clasificación 664.908
Número de documento/Ítem S94
245 00 - MENCIÓN DE TÍTULO
Título Subproductos animales /
Mención de responsabilidad, etc. Basado en el trabajo de Gaetano Paltrinieri ; con la colaboración de Marco R. Meyer ...[y otros tres].
250 ## - MENCIÓN DE EDICIÓN
Mención de edición Cuarta edición.
264 #1 - PRODUCCIÓN, PUBLICACIÓN, DISTRIBUCIÓN, FABRICACIÓN Y COPYRIGHT
Producción, publicación, distribución, fabricación y copyright Ciudad de México :
Nombre del de productor, editor, distribuidor, fabricante Trillas,
Fecha de producción, publicación, distribución, fabricación o copyright 2014.
300 ## - DESCRIPCIÓN FÍSICA
Extensión 96 páginas:
Otras características físicas ilustraciones.
490 1# - MENCIÓN DE SERIE
Mención de serie Manuales para educación agropecuaria.
650 #4 - PUNTO DE ACCESO ADICIONAL DE MATERIA--TÉRMINO DE MATERIA
9 (RLIN) 154650
Término de materia o nombre geográfico como elemento de entrada Mataderos
Subdivisión general Subproductos
650 #4 - PUNTO DE ACCESO ADICIONAL DE MATERIA--TÉRMINO DE MATERIA
9 (RLIN) 92049
Término de materia o nombre geográfico como elemento de entrada Productos animales
Subdivisión general Subproductos
700 1# - PUNTO DE ACCESO ADICIONAL--NOMBRE DE PERSONA
9 (RLIN) 183491
Nombre de persona Paltrinieri, GaetanoÌ
Término indicativo de función/relación Basado en el trabajo de.
700 1# - PUNTO DE ACCESO ADICIONAL--NOMBRE DE PERSONA
9 (RLIN) 75294
Nombre de persona Meyer, Marco R.
Término indicativo de función/relación Colaborador.
830 #0 - PUNTO DE ACCESO ADICIONAL DE SERIE-TÍTULO UNIFORME
9 (RLIN) 70690
Título uniforme Manuales para educación agropecuaria.
Nombre de parte o sección de la obra Industrias rurales
942 ## - ELEMENTOS DE PUNTO DE ACCESO ADICIONAL (KOHA)
Tipo de ítem Koha
Fuente del sistema de clasificación o colocación Dewey Decimal Classification
Holdings
Estado de retiro Estado de pérdida Fuente del sistema de clasificación o colocación Estado dañado Restricciones de uso No para préstamo Código de colección Localización permanente Ubicación/localización actual Ubicación en estantería Fecha de adquisición Total de préstamos Signatura topográfica completa Código de barras Fecha visto por última vez Fecha del último préstamo Precio válido a partir de Tipo de ítem Koha Número de copia
    Dewey Decimal Classification   Préstamo 15 días   General Biblioteca Central Biblioteca Central Planta principal - Colección General 22/06/2023 1 664.908 S94 33724002576181 22/01/2024 06/12/2023 22/06/2023 Libro  
    Dewey Decimal Classification   Préstamo 15 días   General Biblioteca Central Biblioteca Central Planta principal - Colección General 22/06/2023   664.908 S94 33724002576223 22/06/2023   22/06/2023 Libro c.2